000 02372 a2200241 4500
003 UA-OsUOA
005 20260424101807.0
008 260424b un ||||| |||| 00| 0 ukr d
020 _a9789667007942
040 _bukr
_cUA-OsUOA
041 _aukr
080 _a339.9
090 _a339.9
_bГ54
245 _aГлобальні зміни світу 2025. Доповідь Національної розвідувальної ради США
_cред. Ірина Новіцька ; пер. з англ. Михайла Комарницького та ін.
260 _aЛьвів
_bЛітопис
_c2010
300 _a188 с.
520 _aНаукова спільнота з усього світу на основі очевидних і прихованих тенденцій розвитку економіки, політики, міжнародних і соціальних відносин розробила чотири сценарії, які описують світ 2025 року. У своєму звіті автори розповідають про розвиток нових світових держав і недержавних акторів, перспективи тероризму і ядерної зброї, загрозу економічного зростання для навколишнього середовища, прихід постнафтової ери та появу нових технологій та ін. Науковці ставлять перед лідерами держав завдання уникнути негативних і небезпечних змін, швидко і злагоджено реагувати на неcподіванки, підтримувати мир і добробут у світі. Для широкого кола читачів, яким не байдуже майбутнє.
650 _a339.9Міжнародна економіка загалом. Міжнародні економічні зв’язки. Зовнішньоекономічна політика. Світове господарство. Глобалізація
_925085
700 1 _aНовіцька І.
_eред.
942 _cBK
_2udc
955 _a1
999 _c580510
_d580510